Comida Ahumada - ¡Muerte Súbita! - Estadísticas

Estadísticas generales
  • Esta prueba ha sido intentada 20 veces
  • La puntuación promedio es 3 de 16
Answers on the Grid
Answers color-coded by a green-red scale on the quiz's grid according to % correct below.
Jamón de la Selva Negra
Kebab alinazik
Brési
Bokkoms
Oscypek
Pastrami on rye
Kassler / Kasseler
Kottenbutter
Salsa de chipotle
Hot dog
Cullen skink
Katsuobushi / Copos de bonito
Bagel de salmón ahumado frío al estilo de Montreal
San Simón da Costa
Chorizo
Pato zhangcha
Tamagoyaki
Ostras Rockefeller
Bati / Baati
Tabbouleh
Solomillo Wellington
Idli / Idly
Mató
Ugali
Kimchi
Mett
Gratin dauphinois
Cretons
 
Estadísticas de respuestas
Respuesta % Correcto
Bagel de salmón ahumado frío al estilo de Montreal
63%
Chorizo
47%
Salsa de chipotle
32%
Jamón de la Selva Negra
26%
Hot dog
21%
Kassler / Kasseler
21%
Cullen skink
16%
Pato zhangcha
16%
Katsuobushi / Copos de bonito
11%
Oscypek
11%
Pastrami on rye
11%
San Simón da Costa
11%
Brési
5%
Kebab alinazik
5%
Kottenbutter
5%
Bokkoms
0%
No se encontraron pruebas coincidentes
Distribución de puntuación
Porcentaje de gente con cada puntuación
Porcentaje por número respondido
Historial de tus puntuaciones
No has intentado esta prueba.